000 00563nam a2200205Ia 4500
003 GCL
008 140319s9999 xx 000 0 ara d
040 _aGCL /
_cGCL
082 0 4 _a338.9
_bع ت
100 1 _aعمرو محيى الدين
245 1 0 _aالتخلف والتنمية /
_cعمرو محيى الدين
300 _a540
490 _a
650 0 4 _aالاقتصاد
650 0 4 _aالاستثمار
650 0 4 _aالتنمية الاقتصادية
650 0 4 _aالتجارة الخارجية
650 0 4 _aالتخلف
942 _2ddc
_cBK
999 _c41768
_d41768